00853nam a22002177a 4500003000900000005001700009008004100026040003300067041000800100080001300108245013400121260004700255300002900302650013400331650001300465650001900478650001200497942000700509952010000516999001900616LK-CoDNM20241002115753.0241002b |||||||| |||| 00| 0 eng d aLK-CoDNMdLK-CoDNMeLK-CoDNM aeng a104bNN2 aAnnual progress report of the superintendent, Muhammadan and British monuments, North circle, For the year ending 31st March 1912 aUnited provincesbGovernment printerc1912 a73p. : ill , map ; 30 cm aAnnual progress report of the superintendent, Muhammadan and British monuments, North circle, For the year ending 31st March 1912 aNorthern aAnnual reports a104 NN2 cBK 001041708OBCaMAINbMAINcREFd2024-10-01l0o104 NN2pOJP2747-2r2024-10-02w2024-10-02yBK c217279d217279